Most Isolated U.S. Cities - Statistics

General Stats
  • This quiz has been taken 308 times
  • The average score is 12 of 20
Answer Stats
# Distance in km U.S. City Distance in mi % Correct
2 2,314 Anchorage 1,438
96%
1 3,736 Honolulu 2,321
94%
3 460 Boise 286
79%
8 368 El Paso 229
73%
7 368 Albuquerque 229
72%
19 194 Portland 121
69%
11 264 Kansas City (MO) 164
67%
5 372 St. Louis 231
62%
16 208 Wichita 129
57%
9 316 Memphis 196
56%
12 249 Nashville 155
55%
17 204 Des Moines 127
53%
6 369 Spokane 229
53%
10 307 Boston 191
52%
13 236 Houston 147
47%
4 432 Lubbock 268
43%
18 201 Jacksonville 125
41%
20 185 Pittsburgh 115
41%
15 208 Laredo 129
37%
14 208 Corpus Christi 129
34%
No matching quizzes found
Score Distribution
Percent of People with Each Score
Percentile by Number Answered
Your Score History
You have not taken this quiz